| 000 | 00750nam a2200217 a 4500 | ||
|---|---|---|---|
| 040 | _cDLC | ||
| 082 | 0 | 0 | _a629 MIT 1997 C153 Or. |
| 245 | 0 | 0 | _aAnti-lock brake systems. |
| 246 | 1 | 4 | _aAlliedSignal Bendix brake training book |
| 246 | 1 | 8 | _aAlliedSignal automotive service training manual |
| 250 | _a4th ed. | ||
| 260 |
_a[San Diego, CA] : _bMitchell International, _cc1997. |
||
| 300 |
_a305 p. : _bill. ; _c28 cm. |
||
| 500 | _a"Prepared expressly for AlliedSignal Inc. Automotive Aftermarket by Mitchell International"--T.p. verso. | ||
| 500 | _a"Issued January 1997"--Cover. | ||
| 500 | _a"AH 8813"--Cover. | ||
| 650 | 0 | _aAutomobiles | |
| 710 | 2 | _aMitchell International. | |
| 710 | 2 | _aAlliedSignal Automotive Aftermarket. | |
| 942 | _cAEDBB | ||
| 999 |
_c18882 _d18882 |
||